Biblioteca Fatec Adamantina

Dicionário da internet / (Registro n. 795)

Detalhes MARC
000 -LEADER
fixed length control field 00635nam a22002417a 4500
003 - CONTROL NUMBER IDENTIFIER
control field OSt
005 - DATE AND TIME OF LATEST TRANSACTION
control field 20260415141726.0
007 - PHYSICAL DESCRIPTION FIXED FIELD--GENERAL INFORMATION
fixed length control field ta
008 - FIXED-LENGTH DATA ELEMENTS--GENERAL INFORMATION
fixed length control field 260415b bl ||||| |||| 00| 0 por d
020 ## - INTERNATIONAL STANDARD BOOK NUMBER
Qualifying information (encad.)
040 ## - CATALOGING SOURCE
Language of cataloging por
Transcribing agency OSt
041 1# - LANGUAGE CODE
Language code of text/sound track or separate title por
Language code of original eng
082 ## - DEWEY DECIMAL CLASSIFICATION NUMBER
Classification number R004.678
Item number D546d
210 ## - ABBREVIATED TITLE
Source Dicionário da internet
245 10 - TITLE STATEMENT
Title Dicionário da internet /
260 ## - PUBLICATION, DISTRIBUTION, ETC.
Place of publication, distribution, etc. São Paulo :
Name of publisher, distributor, etc. Editora Quark,
Date of publication, distribution, etc. 1996.
300 ## - PHYSICAL DESCRIPTION
Extent 106 p. :
Dimensions 17,5 cm
650 04 - SUBJECT ADDED ENTRY--TOPICAL TERM
Topical term or geographic name entry element Dicionário
650 04 - SUBJECT ADDED ENTRY--TOPICAL TERM
Topical term or geographic name entry element Internet
700 1# - ADDED ENTRY--PERSONAL NAME
Personal name Franco, Carlos Eduardo
9 (RLIN) 1099
Relator term editor
700 1# - ADDED ENTRY--PERSONAL NAME
Personal name Nishikiori, Fábio Koiti
9 (RLIN) 1100
Relator term tradutor
942 ## - ADDED ENTRY ELEMENTS (KOHA)
Source of classification or shelving scheme Dewey Decimal Classification
Koha item type LIVRO
Suppress in OPAC No
Exemplares
Withdrawn status Lost status Source of classification or shelving scheme Damaged status Not for loan Home library Current library Date acquired Total checkouts Full call number Barcode Date last seen Copy number Price effective from Koha item type
    Dewey Decimal Classification     Biblioteca Fatec Adamantina Biblioteca Fatec Adamantina 15.04.2026   R004.678 2026-0082 15.04.2026 ex.1 15.04.2026 LIVRO

Para mais informações envie um e-mail para [email protected].